Hohe Tatra und Westliche Tatra Wanderkarte : Ortsverzeichnis Kultur, Sehenswürdigkeiten, Brauchtum, alpinistisch-touristische Informationen, Schutzhütten und Ausflugsgasthäuser, Tourenvorschläge

Bibliographic Details
Format: Map
Language:German
PhysicalDescription:1 mapa v obale fareb. 61 x 121 cm
Published: Wien München Freytag-Berndt u. Artaria Bergverlag Rudolf Rother [1994]
Series:freytag&berndt : Wanderkarte
Subjects:

MARC

LEADER 00000nem a2200000 a 4500
001 vtls001225402
003 SK-MaSNL
005 20260301112722.0
007 aj cazzn
008 251124s1994 au a 0 ger
015 |a SNBZSC1997-00006 
035 |a SNK000172389 
035 |a urn:nbn:sk:snk-em3leke 
035 |a D5D38638-4001-497D-8CAD-19E553EACC80 
035 |a urn:nbn:sk:snk-em00bffr 
040 |a SNK  |b slo  |c SNK  |e AACR2 
041 0 |a ger 
043 |a e-xo---  |a e-pl--- 
044 |a au  |c AT 
080 |a 796.5(234.372.4)(084.3)=30  |2 1981 
080 |a 908.234.372.4  |2 1981 
245 0 0 |a Hohe Tatra und Westliche Tatra  |h kartografický dokument  |b Wanderkarte : Ortsverzeichnis Kultur, Sehenswürdigkeiten, Brauchtum, alpinistisch-touristische Informationen, Schutzhütten und Ausflugsgasthäuser, Tourenvorschläge 
255 |a Mierka 1:50 000 
260 |a Wien  |b Freytag-Berndt u. Artaria  |a München  |b Bergverlag Rudolf Rother  |c [1994] 
300 |a 1 mapa v obale  |b fareb.  |c 61 x 121 cm 
490 1 |a freytag&berndt : Wanderkarte  |v CS1 
500 |a Mapa obojs. Obs. inform., graf. mierku, mp. výr., topogr. reg., vysvetl. 
651 7 |a Vysoké Tatry (Poľsko a Slovensko : pohorie)  |2 SNKPHgeo  |9 67729 
651 7 |a Vysoké Tatry (Poľsko a Slovensko : pohorie)  |2 SNK  |9 67729 
655 7 |a turistické mapy  |2 SNK  |9 70551 
830 0 |a freytag&berndt : Wanderkarte  |9 453850 
923 |a turistická  |b skladaná  |c pre verejnosť 
954 |a mapy cudzojazyčné (svetové)  |2 lita 
958 |a ZS 
958 |a TL 
958 |a DE 
999 |c 711348  |d 713278 
952 |t P60, <03>, [BOOK], {603}  |a SNK  |b SNK  |y PREZ  |7 0  |p 17A0027952  |o snkSLCm 1898  |i snkV 390/97  |0 0  |1 0  |4 0  |d 1997-01-31  |f 1  |l 0  |r 2005-01-01 00:00:00  |w 2026-02-23